000 00386nam a22001457a 4500
999 _c66810
_d66807
082 _aR/5BS(CS)16
100 _aRasool Bux
100 _aRoll No. 16BS(CS)03
100 _aSupervisor - Dr. Muhammad Saleem Vighio
245 _aDelicious Dishes Android App.
260 _aNawabshah
_bQUEST
_c2019
300 _a56p
700 _aNabeel Muhammadi (Roll No. 16BS(CS)01)
942 _cTHESIS